| 000 | 00771cab a2200217 4500 | ||
|---|---|---|---|
| 001 | ABS43572 | ||
| 008 | 090401t1990 xxu||||| |||| 00| 0 eng d | ||
| 035 | _a(Sirsi) u42394 | ||
| 041 | _aeng | ||
| 100 | _aBurkill, J. | ||
| 245 | _aDoing the deed: a small Act with a big hole | ||
| 260 | _c1990 | ||
| 350 | _a0 | ||
| 490 |
_aChartered Surveyor Weekly _v33(3) 18 October 1990, 133(1) |
||
| 520 | _aReviews the Law of Property (Miscellaneous Provisions) Act 1989 which imposes a new regime as to the execution of deeds and new formalities in respect of contracts relating to the sale or other disposition of an interest inland. | ||
| 650 | _aCOMPANIES ACT 1989 | ||
| 650 | _aSEALING | ||
| 690 | _aPROPERTY LAW AND PRACTICE | ||
| 942 | _n0 | ||
| 948 | _c04/03/1997 | ||
| 999 |
_c27183 _d27183 |
||